00531nam a22001337a 450000500170000000800410001702000180005805000210007610000220009724501040011926000530022330000610027670000600033720160106144129.0150511b xxu||||| |||| 00| 0 eng d a9781921972331 aQA 273 Q7ca 2013 aQuinn, Catherine  aMathematics for the international student mathematics HL option : calculus bHL Topic 9, FM Topic 5 aAustralia bHaese and Harris Publications c2013 a213 pages., bcolor illustrations., + CD ROM.c ; 21 cm. aSangwin, Chris., Haese, Robert., Haese, Michael, Haese.